000 00477cam a2200193ua 4500
001 4220
005 20260515113813.0
008 111221n ii |||gr||||Z||||||asm
040 _cMAIN
082 _a891.451
100 _aSarma, Hemanta Kumar,
245 1 1 _aSahitya bichitra
_cby Hemanta Kumar Sarma
250 _a1st.
260 _aGuwahati:
_bAssam book depot,985.
300 _a113p:
_c23cm.
653 _aAssamese literature
653 _aSahitya bichitra
942 _cBK
999 _c4037
_d4037